Bordering China on a Map Quiz Stats

 Plays Quiz Updated Jan 24, 2016

Challenge
Share
Tweet
Score 0/14 Timer 02:00
0 Plays Today
% Correct
India
93.8%
Russia
93.6%
Mongolia
93.4%
North Korea
93%
Nepal
90.3%
Vietnam
88.9%
Pakistan
88.7%
% Correct
Laos
87%
Myanmar
83%
Bhutan
82.1%
Kazakhstan
80.1%
Afghanistan
79%
Tajikistan
70.5%
Kyrgyzstan
68.7%

You're not logged in!

Compare scores with friends on all Sporcle quizzes.
OR
Log In

You Might Also Like...

Show Comments

Extras

Top Quizzes Today


Score Distribution

Your Account Isn't Verified!

In order to create a playlist on Sporcle, you need to verify the email address you used during registration. Go to your Sporcle Settings to finish the process.

Report this User

Report this user for behavior that violates our Community Guidelines.

Details: